Statistics for Most populated cities of the world.

Click here to take the quiz!

General Stats

  • This quiz has been taken 9 times
  • The average score is 26 of 50

Answer Stats

Answer% Correct
New York
100%
Tokyo
100%
London
88%
Paris
88%
Beijing
75%
Delhi
75%
Istanbul
75%
Jakarta
75%
Mexico City
75%
Moscow
75%
Mumbai
75%
Rio de Janeiro
75%
Seoul
75%
Shanghai
75%
Bogota
63%
Buenos Aires
63%
Dhaka
63%
Guangzhou
63%
Karachi
63%
Kolkata
63%
Lagos
63%
Lima
63%
Sao Paulo
63%
Tehran
63%
Tianjin
63%
Wuhan
63%
Cairo
50%
Chengdu
50%
Hangzhou
50%
Ho Chi Minh City
50%
Kinshasa
50%
Lahore
50%
Manila
50%
Nagoya
50%
Nanjing
50%
Osaka
50%
Ahmedabad
38%
Baghdad
38%
Chongqing
38%
Luanda
38%
Shenzhen
38%
Chennai
25%
Kuala Lumpur
25%
Suzhou
13%
Banglore
0%
Bankok
0%
Dar Es Salaam
0%
Hyderbad
0%
Surat
0%
Xi An Shaanxi
0%

Score Distribution

Percentile by Number Answered

Percent of People with Each Score

Your Score History

You have not taken this quiz